Capital investments of the world petroleum industry

Sparad:
Bibliografiska uppgifter
Materialtyp: Bok
Språk:Undetermined
Publicerad: New York Chase Manhattan Bank 1974
Ämnen:
Taggar: Lägg till en tagg
Inga taggar, Lägg till första taggen!
Thư viện lưu trữ: Trung tâm Học liệu Trường Đại học Cần Thơ
LEADER 00509nam a2200181Ia 4500
001 CTU_107341
008 210402s9999 xx 000 0 und d
082 |a 338.43 
082 |b C244 
245 0 |a Capital investments of the world petroleum industry 
245 0 |c Richard S. Dobias 
260 |a New York 
260 |b Chase Manhattan Bank 
260 |c 1974 
650 |a Petroleum industry and trade 
650 |x Finance 
904 |i Tuyến 
980 |a Trung tâm Học liệu Trường Đại học Cần Thơ